Wisdom, Gods and literature : studies in Assyriology in honour of W. G. Lambert /

محفوظ في:

المؤلف الرئيسي: Lambert, W. G. (مؤلف)

مؤلفون آخرون: Finkel, Irving L., George, A. R.

التنسيق: كتاب

اللغة: English

الموضوعات:

الوسوم: إضافة وسم

لا توجد وسوم, كن أول من يضع وسما على هذه التسجيلة!

رقم الطلب: PJ3725 .W57 2000

LEADER 01163namaa2200337 4500
001 15721
003 OSt
005 20210519113847.0
008 130303s2000 inua g 011 0 eng d
952 |0 0  |1 0  |2 lcc  |4 0  |6 PJ3725 W57 02000  |7 1  |9 12508  |a ARCE  |b ARCE  |d 2021-05-19  |l 0  |o PJ3725 .W57 2000  |p 1017757  |r 2021-05-19 00:00:00  |w 2021-05-19  |y BK 
999 |c 11724  |d 11724 
010 |a 00059332 
020 |a 1575060043 
040 |c ARCE Library 
043 |a a-iq--- 
050 0 4 |a PJ3725 .W57 2000 
100 1 |a Lambert, W. G.  |e author 
245 1 0 |a Wisdom, Gods and literature :  |b studies in Assyriology in honour of W. G. Lambert /  |c edited by A. R. George, I. L. Finkel. 
264 1 |a Winona Lake, Ind. :  |b Eisenbrauns,  |c 2000. 
300 |a viii, 462 pages :  |b illustrations ;  |c 29 cm. 
336 |a text  |b txt  |2 rdacontent 
337 |a unmediated  |b n  |2 rdamedia 
338 |a volume  |b nc  |2 rdacarrier 
504 |a Includes bibliographical references and indexes. 
650 0 |a Akkadian language  |v Texts. 
651 0 |a Iraq  |x Civilization  |y To 634. 
651 0 |a Iraq  |x Religion 
700 1 |a Finkel, Irving L. 
700 1 |a George, A. R. 
901 |a reviewed 
942 |c BK  |2 lcc